000
00245nam a2200109Ia 4500
008
220204s9999 xx 000 0 und d
082
_a
82-3
_b
MAC
100
_a
John D
245
0
_a
Dreadful lemon sky
260
_a
London
_b
Pan
_c
1976
942
_c
BK
999
_c
33778
_d
33778